1914 [juego] : juego de la diplomacia /
Guardado en:
| Formato: | Objeto Físico |
|---|---|
| Publicado: |
Argentina :
Kipo's,
[199?]
|
| Materias: | |
| Etiquetas: |
Agregar Etiqueta
Sin Etiquetas, Sea el primero en etiquetar este registro!
|
| LEADER | 00763nrm a22001695g 4500 | ||
|---|---|---|---|
| 001 | CEM.cems019134 | ||
| 008 | 130507b199?##################0###0#####d | ||
| 005 | 20220829165706.0 | ||
| 003 | CEMS | ||
| 245 | 0 | 0 | |a 1914 [juego] : |b juego de la diplomacia / |c Kipo's Los Juegos Del Mundo. |
| 260 | |a Argentina : |b Kipo's, |c [199?] | ||
| 300 | |a 1 juego (1 tablero, 112 fichas de siete colores diferentes-56 ejércitos:tanques,56 flotas:barcos, 7 mapas-guía) ; en caja 49 x 30 x 6 cm. + manual de instrucciones. | ||
| 500 | |a Para 2 a 7 jugadores. a partir de 12 años y adultos. objetivo: ocupar 18 centros de producción. | ||
| 082 | 0 | 4 | |a J793.92 |
| 653 | |a 1. juegos de estrategia militar | ||
| 653 | |a 2. juegos de guerra | ||
| 859 | |a CEMS |b BIB. CEMS - Ludoteca |h J793.92 |i K628 |p 032.92 |t Ej.1 | ||
